ARRUPE JESUIT UNIVERSITY

CORONAVIRUS -STOP THE SPREAD - CLEAN,DISINFECT,COVER

Poor Fred and the Butcher: (Record no. 130311)

MARC details
000 -LEADER
fixed length control field 01070cam a2200313 4500
001 - CONTROL NUMBER
control field 2183525
003 - CONTROL NUMBER IDENTIFIER
control field ARRUPE
005 - DATE AND TIME OF LATEST TRANSACTION
control field 20200206093411.0
008 - FIXED-LENGTH DATA ELEMENTS--GENERAL INFORMATION
fixed length control field 710504s1970 enkacfh b 001 0beng
010 ## - LIBRARY OF CONGRESS CONTROL NUMBER
LC control number 70557001
015 ## - NATIONAL BIBLIOGRAPHY NUMBER
National bibliography number B70-30545
020 ## - INTERNATIONAL STANDARD BOOK NUMBER
International Standard Book Number 0718108167
040 ## - CATALOGING SOURCE
Original cataloging agency DLC
Transcribing agency DLC
Modifying agency DLC
043 ## - GEOGRAPHIC AREA CODE
Geographic area code e-uk---
050 00 - LIBRARY OF CONGRESS CALL NUMBER
Classification number DA501.A35
Item number M37 1970
082 00 - DEWEY DECIMAL CLASSIFICATION NUMBER
Classification number 942.07/2/0922
-- B
300 ## - PHYSICAL DESCRIPTION
Other physical details illus., facsims., ports.
Dimensions 23 cm.
100 1# - MAIN ENTRY--PERSONAL NAME
Personal name Marples, Morris,
Dates associated with a name 1901-
9 (RLIN) 49390
245 10 - TITLE STATEMENT
Title Poor Fred and the Butcher:
Remainder of title sons of George II.
Statement of responsibility, etc Morris Marples
260 ## - PUBLICATION, DISTRIBUTION, ETC. (IMPRINT)
Place of publication, distribution, etc London,
Name of publisher, distributor, etc Michael Joseph,
Date of publication, distribution, etc 1970.
300 ## - PHYSICAL DESCRIPTION
Extent xi, 243 p., 16 plates.
350 ## - PRICE (NR) (BK AM CF MU VM SE) [OBSOLETE]
Price 50/-
504 ## - BIBLIOGRAPHY, ETC. NOTE
Bibliography, etc Bibliography: p. 232-233.
600 00 - SUBJECT ADDED ENTRY--PERSONAL NAME
Personal name Frederick Louis,
Titles and other words associated with a name Prince of Wales,
Dates associated with a name 1707-1751.
9 (RLIN) 49391
600 00 - SUBJECT ADDED ENTRY--PERSONAL NAME
Personal name William Augustus,
Titles and other words associated with a name Prince, Duke of Cumberland,
Dates associated with a name 1721-1765.
9 (RLIN) 49392
600 00 - SUBJECT ADDED ENTRY--PERSONAL NAME
Personal name George
Numeration II,
Titles and other words associated with a name King of Great Britain,
Dates associated with a name 1683-1760
General subdivision Family.
9 (RLIN) 49393
650 #0 - SUBJECT ADDED ENTRY--TOPICAL TERM
Topical term or geographic name as entry element Princes
Geographic subdivision Great Britain
General subdivision Biography.
9 (RLIN) 49394
906 ## - LOCAL DATA ELEMENT F, LDF (RLIN)
a 7
b cbc
c orignew
d 3
e ncip
f 19
g y-gencatlg
942 ## - ADDED ENTRY ELEMENTS (KOHA)
Source of classification or shelving scheme Library of Congress Classification
Koha item type Monograph ( Printed materials)
Holdings
Withdrawn status Lost status Source of classification or shelving scheme Damaged status Not for loan Collection code Home library Current library Shelving location Date acquired Total Checkouts Full call number Barcode Date last seen Price effective from Koha item type
    Library of Congress Classification     Main Collection ARRUPE LIBRARY ARRUPE LIBRARY Main Collection 06/02/2020   DA501.A35 M37 1970 46600006519 06/02/2020 06/02/2020 Monograph ( Printed materials)

 

Arrupe Library. PO Box MP320 Mt Pleasant, Harare, Zimbabwe
263 242 745411|librarian@aju.ac.zw